00783cam a2200253 a 450000100090000000300040000900500170001300800410003001000170007102000310008802000280011903500240014704000100017105000230018108200140020424500710021825000120028926000630030130000350036450400510039965000330045065000230048370000230050616379221OSt20150408114137.0100806s2011 njua b 001 0 eng  a 2010031837 a9780321640062 (alk. paper) a0321592565 (alk. paper) a(OCoLC)ocn653842778 aMa-Un00aQD272.S6bO74 201100a543.522200aOrganic structural spectroscopy /cJoseph B. Lambert ... [et al.]. a2nd ed. aUpper Saddle River, N.J. :bPearson Prentice Hall,cc2011. axiii, 533 p. :bill. ;c29 cm. aIncludes bibliographical references and index. 0aOrganic compoundsxAnalysis. 0aSpectrum analysis.1 aLambert, Joseph B.